Movies Quiz

Random Movies or Actor Quiz

Steven Seagal Slot Machine Quiz Stats

 Plays Quiz Updated Mar 25, 2020

Support Sporcle.
Go Orange.
Score 0/51 Timer 06:00
0 Plays Today
Word Title % Correct
AboveAbove the Law
93.8%
TheAbove the Law
93.8%
LawAbove the Law
93.8%
MarkedMarked for Death
93.3%
ForMarked for Death
93.3%
DeathMarked for Death
93.3%
HardHard to Kill
91.5%
ToHard to Kill
91.5%
KillHard to Kill
91.5%
FireFire Down Below
89.2%
DownFire Down Below
89.2%
BelowFire Down Below
89.2%
TheThe Glimmer Man
89%
GlimmerThe Glimmer Man
89%
ManThe Glimmer Man
89%
OutOut for Justice
88.7%
ForOut for Justice
88.7%
JusticeOut for Justice
88.7%
OnOn Deadly Ground
88.2%
DeadlyOn Deadly Ground
88.2%
GroundOn Deadly Ground
88.2%
IntoInto the Sun
85.8%
TheInto the Sun
85.8%
SunInto the Sun
85.8%
HalfHalf Past Dead
85%
PastHalf Past Dead
85%
Word Title % Correct
DeadHalf Past Dead
85%
OutOut of Reach
84.6%
TodayToday You Die
84.6%
OfOut of Reach
84.6%
YouToday You Die
84.6%
ReachOut of Reach
84.6%
DieToday You Die
84.6%
DrivenDriven To Kill
84.2%
ToDriven to Kill
84.2%
KillDriven to Kill
84.2%
AA Dangerous Man
83.3%
ManA Dangerous Man
83.3%
DangerousA Dangerous Man
83.3%
AgainstAgainst the Dark
82.1%
TheAgainst the Dark
82.1%
DarkAgainst the Dark
82.1%
TheThe Onion Movie
81.5%
OnionThe Onion Movie
81.5%
MovieThe Onion Movie
81.5%
FlightFlight of Fury
81.4%
OfFlight of Fury
81.4%
FuryFlight of Fury
81.4%
MercenaryMercenary for Justice
81.2%
ForMercenary for Justice
81.2%
JusticeMercenary for Justice
81.2%

You're not logged in!

Compare scores with friends on all Sporcle quizzes.
OR
Log In

From the Vault

Animal Name Game

by LTH

This is the hardest that you'll have to think about words all day.
Remove Ads.
Support Sporcle.
Get the best of Sporcle when you Go Orange. This ad-free experience offers more features, more stats, and more fun while also helping to support Sporcle. Thank you for becoming a member.

Show Comments

Extras

Top Quizzes Today


Score Distribution

Your Account Isn't Verified!

In order to create a playlist on Sporcle, you need to verify the email address you used during registration. Go to your Sporcle Settings to finish the process.

Report this User

Report this user for behavior that violates our Community Guidelines.

Details: